Discurso del lic. Severo Mallet-Prevost, pronunciado en el banquete que para celebrar el Centenario de la Independencia de México, dio la Colonia mexicana de Nueva York, en la noche del 15 de septiembre de 1910... (Record no. 96844)

MARC details
000 -LEADER
campo de control de longitud fija 00748nam a2200193 i 4500
001 - NÚMERO DE CONTROL
campo de control 96844
003 - IDENTIFICADOR DE NÚMERO DE CONTROL
campo de control ES-MaACL
005 - FECHA Y HORA DE LA ÚLTIMA TRANSACCIÓN
campo de control 20260519133110.0
007 - CAMPO FIJO DE DESCRIPCIÓN FÍSICA--INFORMACIÓN GENERAL
campo de control de longitud fija t|
008 - DATOS DE LONGITUD FIJA--INFORMACIÓN GENERAL
campo de control de longitud fija 050701q1910 sp |||| | spa d
100 1# - ENTRADA PRINCIPAL--NOMBRE DE PERSONA
Nombre de persona Mallet Prevost, Severo,
Fechas asociadas al nombre 1860-1948
9 (RLIN) 75807
245 10 - MENCIÓN DEL TÍTULO
Título Discurso del lic. Severo Mallet-Prevost, pronunciado en el banquete que para celebrar el Centenario de la Independencia de México, dio la Colonia mexicana de Nueva York, en la noche del 15 de septiembre de 1910...
260 ## - PUBLICACIÓN, DISTRIBUCIÓN, ETC.
Lugar de publicación, distribución, etc. [S.l. :
Nombre del editor, distribuidor, etc. s.n.,
Fecha de publicación, distribución, etc. 1910?]
300 ## - DESCRIPCIÓN FÍSICA
Extensión 12 p. ;
Dimensiones 24 cm.
546 ## - NOTA DE IDIOMA
Nota de lengua/lenguaje Texto en inglés y castellano.
651 #4 - PUNTO DE ACCESO ADICIONAL DE MATERIA--NOMBRE GEOGRÁFICO
Nombre geográfico México-
Subdivisión general Historia-
Subdivisión cronológica 1810-1821, Guerra de la Independencia.
9 (RLIN) 168986
852 ## - LOCALIZACIÓN
Ubicación ES-MaACL
Número de control de estantería 1522-F-9
Holdings
Estatus retirado Estado de pérdida Estado de daño No para préstamo Colección Biblioteca de origen Biblioteca actual Ubicación en estantería Fecha de adquisición Fuente de adquisición Total de préstamos Signatura topográfica completa Código de barras Visto por última vez Precio de reemplazo Tipo de ítem Koha
        Colección de folletos Biblioteca del Ateneo de Madrid Biblioteca del Ateneo de Madrid Depósito folletos 17/01/2008     1522-F-9 1101105 23/02/2023 23/02/2023 Folleto